000 00946nam a2200229Ii 4500
003 JO-AjNU
008 230605s9999||||xx |||||||||||||| ||und||
017 _a2011/13809
020 _a978-977-473-014-6
040 _aJO-AjNU
_bara
_erda
_cJO-AjNU
041 _aara
050 1 4 _aBP940.2 2012
100 3 _aسمحان، حسين محمد ؛ م.مشارك: موسى عمر مبارك ، عبد الحميد أبو صقري,
_eauthor
_934279
245 0 0 _aإدارة الإستثمار في المصارف الإسلامية
264 3 1 _aالقاهرة: المنظمة العربية للتنمية الادارية، 2012
300 _a369ص
_bقائمة المراجع(ص357-369)
336 _atext
_btxt
_2rdacontent
337 _aunmediated
_bn
_2rdamedia
338 _avolume
_bnc
_2rdacarrier
490 0 _aبحوث ودراسات
650 4 _aالبنوك الاسلامية- جوانب اقتصادية- الاستثمار
_934280
999 _aA14036
_c17604
_d17604